MARC

LEADER 00000nam0a2200000 4500
001 253055
005 20231101232816.0
035 |a (RuTPU)RU\TPU\book\275436 
090 |a 253055 
100 |a 20140311d1988 k y0rusy50 ca 
101 0 |a rus 
102 |a UA 
105 |a a z 001zy 
200 1 |a Методы математической физики и их приложения  |e сборник научных трудов  |f Харьковский авиационный институт ; под ред. В. С. Проценко 
210 |a Харьков  |c Изд-во ХАИ  |d 1988 
215 |a 180 с.  |c ил. 
320 |a Библиография в конце статей 
606 1 |a Математическая физика  |2 stltpush  |3 (RuTPU)RU\TPU\subj\41221  |9 61028 
610 1 |a методы 
610 1 |a приложения 
610 1 |a численные методы 
610 1 |a краевые задачи 
610 1 |a механика сплошных сред 
610 1 |a упругость 
610 1 |a термоупругость 
610 1 |a гидродинамика 
675 |a 53:51  |v 3 
702 1 |a Проценко  |b В. С.  |4 340 
712 0 2 |a Харьковский авиационный институт  |2 stltpush  |3 (RuTPU)RU\TPU\col\7321  |9 24307 
801 1 |a RU  |b 63413507  |c 20140311 
801 2 |a RU  |b 63413507  |c 20140324  |g RCR 
942 |c BK